| 000 | 00850nam a2200241Ia 4500 | ||
|---|---|---|---|
| 003 | AR-RoIUNI | ||
| 005 | 20210308095633.0 | ||
| 007 | ta | ||
| 008 | 150616s2011 ag r 000 0 spa d | ||
| 020 | _a9789501239805 | ||
| 040 | _cIUNIR | ||
| 080 | _a159.964.2 | ||
| 100 | 1 |
_aLacan, Jacques, _d1901-1981. |
|
| 245 | 1 | 3 |
_aEl seminario de Jacques Lacan. _nLibro 16, _pDe un otro al otro 1968-1969 / _ctexto establecido por Jacques-Alain Miller. |
| 250 | _a1a. ed. 3a reimp. | ||
| 260 |
_aBuenos Aires : _bPaidós, _c2011. |
||
| 300 |
_a400 p. ; _c22cm |
||
| 505 | 2 | _aIntroducción -- la inconsistencia del otro -- De la apuesta de Pascal -- El goce: su campo -- El goce: su real -- El goce: su lógica -- Evacuación -- Anexos. | |
| 650 | 4 |
_aPSICOLOGÍA _9108 |
|
| 650 | 4 | _aPSICOANÁLISIS | |
| 700 | 1 | _aMiller, Jacques-Alain. | |
| 942 |
_cBK _2cdu |
||
| 999 |
_c1582 _d1582 |
||